000 00668nam a2200145 a 4500
008 070917s2007 ||||||||||||||||| || u
050 _aTHESIS/MBA
100 _aMbomena, Tevious
245 1 0 _aLabour use in the development of Smallholder agriculture:a study of Mungu District.
_cSupervised by Dr. Roy Chileshe
260 _aKitwe
_bCopperbelt University, School of Business, MBA Programme
_c2007
350 _a0.00
650 0 _aBUSINESS
650 _aSMALLHODER AGRICULTURE--RESEARCH--MUNGU DISTRICT
995 _D0.00
_FCBU-MAIN LIBRARY (Kitwe)
_H1
_I0.00
_M1
_UAVAILABLE
_WSep 17, 2007
_ZUniversity Collection
999 _c48756
_d48756